| 000 | 01080cam a2200325 a 4500 | ||
|---|---|---|---|
| 001 | 6388 | ||
| 003 | FISKH | ||
| 005 | 20250820123902.0 | ||
| 008 | 001130s2001 nyua b 000 1 eng | ||
| 010 | _a 00067994 | ||
| 020 | _a043908069X | ||
| 040 |
_aDLC _cDLC _dDLC _beng |
||
| 050 | _aPZ7.W846 A | ||
| 082 | _a428.1 | ||
| 100 | 1 | _aWood, Audrey. | |
| 245 | 1 | 0 |
_aAlphabet adventure / _cby Audrey Wood ; illustrated by Bruce Wood. |
| 250 | _aFirst Scholastic paperback printing, January 2003 | ||
| 260 |
_aNew York : _bScholastic, _c2001. |
||
| 300 |
_a30 unnumbered pages : _bcolor illustrations ; _c23 x 26 cm. |
||
| 505 | _aN | ||
| 520 | _aOn their way to school, the little letters of the alphabet have to rescue little "i" and then find his dot before they can proceed. | ||
| 521 | 8 |
_a580
_bLexile AD |
|
| 521 | 8 |
_aN
_bRaz-Plus |
|
| 650 | 1 |
_aAlphabet _vFiction. |
|
| 650 | 1 |
_vAdventure _2Back to School |
|
| 700 | 1 |
_aWood, Bruce Robert, _eillustrator |
|
| 906 |
_a7 _bcbc _corignew _d1 _eocip _f20 _gy-gencatlg |
||
| 942 |
_2ddc _cBK _n0 |
||
| 999 |
_c6388 _d6388 |
||